Library Banner

Jihat al-Islam (July - Dec 2007 Vol: 1 No, 1)/ (Record no. 109739)

MARC details
000 -LEADER
fixed length control field 00399nam a22001217a 4500
005 - DATE AND TIME OF LATEST TRANSACTION
control field 20181221115824.0
008 - FIXED-LENGTH DATA ELEMENTS--GENERAL INFORMATION
fixed length control field 181221b ||||| |||| 00| 0 eng d
040 ## - CATALOGING SOURCE
Transcribing agency PK-LaUMT
082 ## - DEWEY DECIMAL CLASSIFICATION NUMBER
Classification number RHC 297.05
Item number JIH-
245 ## - TITLE STATEMENT
Title Jihat al-Islam (July - Dec 2007 Vol: 1 No, 1)/
Remainder of title a journal of Islamic studies
Statement of responsibility, etc Samar Fatima masud(Chief edi)
260 ## - PUBLICATION, DISTRIBUTION, ETC. (IMPRINT)
Place of publication, distribution, etc Lahore:
Name of publisher, distributor, etc Faculty of Islamic studies,
Date of publication, distribution, etc 2007
942 ## - ADDED ENTRY ELEMENTS (KOHA)
Koha item type Books
Holdings
Withdrawn status Lost status Damaged status Home library Current library Date acquired Full call number Barcode Date last seen Price effective from Koha item type
      UMT Main Campus UMT Main Campus 2018-12-21 RHC 297.05 JIH- 127177 2018-12-21 2018-12-21 Books